| 000 | 01431nam a22003257a 4500 | ||
|---|---|---|---|
| 005 | 20240523115529.0 | ||
| 008 | 240227t ||||| |||| 00| 0 spa d | ||
| 020 | _a9789588964737 | ||
| 040 |
_aCO-BoUCM _cDavid Moreno _dDavid Moreno |
||
| 041 | _aspa | ||
| 110 |
_aSecretaría Distrital de Planeación _9180110 |
||
| 245 | 1 |
_aManual de Espacio Publico _cSecretaría Distrital de Planeación |
|
| 246 | _aMEP | ||
| 260 |
_aBogota, COL _bComercializadora Comsila S.A.S _c2023 |
||
| 300 |
_a529 Paginas _bilustraciones y graficas a color |
||
| 504 | _aIncluye referencias bibliográficas e índices | ||
| 650 | 1 | 7 |
_aEspacio público _xAspectos sociales _y2022-2035 _9180111 |
| 650 | 1 | 7 |
_aSociología urbana _y2022-2035 _zBogotá (Colombia) _9180112 |
| 650 | 1 | 7 |
_aArquitectura del paisaje urbano _y2022-2035 _zBogotá (Colombia) _9180113 |
| 650 | 1 | 7 |
_aUrbanismo _y2022-2035 _zBogotá (Colombia) _9180114 |
| 710 | 1 |
_aInstituto de Desarrollo Urbano IDU _9180115 |
|
| 710 | 1 |
_aSecretaría Distrital de Ambiente _9180116 |
|
| 710 | 1 |
_aJardín Botánico de Bogotá _9180117 |
|
| 710 | 1 |
_aSecretaría Distrital de la Mujer _9180118 |
|
| 710 | 1 |
_aSecretaría Distrital de Movilidad _9180119 |
|
| 710 | 1 |
_aInstituto Distrital de Recreación y Deporte - IDRD _9180120 |
|
| 710 | 1 |
_aInstituto Distrital de Patrimonio Cultural _9180121 |
|
| 942 |
_2DEWEY _a17 _cLIBRO _e1 _h711.4 _mS446mep _n0 |
||
| 999 |
_c323927 _d323927 |
||